Planting geometric effect on growth and yield of Rapeseed and Mustard/ (Record no. 14045)
[ view plain ]
| 000 -LEADER | |
|---|---|
| fixed length control field | 00953nam a22002657a 4500 |
| 003 - CONTROL NUMBER IDENTIFIER | |
| control field | BD-DhSAU |
| 005 - DATE AND TIME OF LATEST TRANSACTION | |
| control field | 20181206150713.0 |
| 008 - FIXED-LENGTH DATA ELEMENTS--GENERAL INFORMATION | |
| fixed length control field | 161006b2016 bg ad||| |||| 00| 0 eng d |
| 040 ## - CATALOGING SOURCE | |
| Original cataloging agency | BD-DhSAU |
| 082 ## - DEWEY DECIMAL CLASSIFICATION NUMBER | |
| Edition number | 22 |
| Classification number | 630 |
| Item number | J19 |
| 100 ## - MAIN ENTRY--PERSONAL NAME | |
| Personal name | Jahan ,Mst. Rifat |
| Relator code | Registration No:10-06878 |
| 245 ## - TITLE STATEMENT | |
| Title | Planting geometric effect on growth and yield of Rapeseed and Mustard/ |
| Statement of responsibility, etc. | Jahan ,Mst. Rifat |
| Remainder of title | Ms Thesis |
| 260 ## - PUBLICATION, DISTRIBUTION, ETC. (IMPRINT) | |
| Place of publication, distribution, etc. | Dhaka : Sher- e- Bangla Agricultural University : |
| Name of publisher, distributor, etc. | Department of Agronomy , |
| Date of publication, distribution, etc. | 2016 |
| 300 ## - PHYSICAL DESCRIPTION | |
| Extent | xiv, 75 p. : |
| Other physical details | ill. ; |
| Dimensions | 30 cm. |
| 504 ## - BIBLIOGRAPHY, ETC. NOTE | |
| Bibliography, etc | Includes bibliographical references. |
| 590 ## - Name of Cataloguer | |
| Name of Cataloger | Shofi |
| 650 ## - SUBJECT ADDED ENTRY--TOPICAL TERM | |
| Topical term or geographic name as entry element | Agronomy |
| 650 ## - SUBJECT ADDED ENTRY--TOPICAL TERM | |
| Topical term or geographic name as entry element | Geometric effect |
| 650 ## - SUBJECT ADDED ENTRY--TOPICAL TERM | |
| Topical term or geographic name as entry element | Rapeseed |
| 650 ## - SUBJECT ADDED ENTRY--TOPICAL TERM | |
| Topical term or geographic name as entry element | Mustard |
| 700 ## - ADDED ENTRY--PERSONAL NAME | |
| Personal name | Hossain, H. M. M. Tariq |
| Relator code | Supervisor |
| 700 ## - ADDED ENTRY--PERSONAL NAME | |
| Personal name | Baque,Md. Abdullahil |
| Relator code | Co-Supervisor |
| 856 ## - ELECTRONIC LOCATION AND ACCESS | |
| Uniform Resource Identifier | <a href="http://archive.saulibrary.edu.bd:8080/xmlui/handle/123456789/580">http://archive.saulibrary.edu.bd:8080/xmlui/handle/123456789/580</a> |
| Link text | Online Access |
| 942 ## - ADDED ENTRY ELEMENTS (KOHA) | |
| Source of classification or shelving scheme | Dewey Decimal Classification |
| Koha item type | MS Level Thesis |
| Withdrawn status | Lost status | Source of classification or shelving scheme | Damaged status | Not for loan | Collection code | Home library | Branch Name | Date acquired | Total Checkouts | Full call number | Barcode | Date last seen | Price effective from | Koha item type |
|---|---|---|---|---|---|---|---|---|---|---|---|---|---|---|
| Dewey Decimal Classification | Not For Loan | Reference | SAU Library | SAU Library | 08/10/2017 | 630 J19 | 40287 | 19/10/2017 | 19/10/2017 | MS Level Thesis |
